TH-SOF-1863-Analysis Of EEG Signals For Emotion Recognition Using Deep Features (Record no. 586794)

000 -LEADER
fixed length control field 00424nam a22001337a 4500
040 ## - CATALOGING SOURCE
Transcribing agency NUST
050 ## - LIBRARY OF CONGRESS CALL NUMBER
Classification number 200 THE
100 ## - MAIN ENTRY--PERSONAL NAME
Personal name Sitwat Mahd
9 (RLIN) 84273
110 ## - MAIN ENTRY--CORPORATE NAME
Corporate name or jurisdiction name as entry element Supervisor Dr. Muhammad Usman Akram
9 (RLIN) 84274
245 ## - TITLE STATEMENT
Title TH-SOF-1863-Analysis Of EEG Signals For Emotion Recognition Using Deep Features
260 ## - PUBLICATION, DISTRIBUTION, ETC.
Place of publication, distribution, etc. ISLAMABAD:
Name of publisher, distributor, etc. NUST COLLEGE OF EME,
Date of publication, distribution, etc. 2021.
650 ## - SUBJECT ADDED ENTRY--TOPICAL TERM
Topical term or geographic name entry element MS-COMPUTER ENGINEERING-18
9 (RLIN) 84275
942 ## - ADDED ENTRY ELEMENTS (KOHA)
Source of classification or shelving scheme
Koha item type Thesis
Holdings
Withdrawn status Lost status Source of classification or shelving scheme Damaged status Not for loan Permanent Location Current Location Shelving location Date acquired Total Checkouts Barcode Date last seen Price effective from Koha item type
          College of Electrical & Mechanical Engineering (CEME) College of Electrical & Mechanical Engineering (CEME) Reference 11/16/2021   TH-SOF-1863 11/16/2021 11/16/2021 Reference
© 2023 Central Library, National University of Sciences and Technology. All Rights Reserved.